01234nam a2200313Ia 4500001001200000003000800012006001900020007001500039008004100054010001700095020001500112020001800127040002100145035002100166050002600187082001200213100004900225245013900274260004900413300001100462504005100473533015200524650003400676651002300710655002900733710001700762856012600779999001500905ebr10279271CaPaEBRm u cr cn|||||||||910722s1992 nyu sb 001 0 eng d z 91029817  z0195074270 z9780195074277 aCaPaEBRcCaPaEBR a(OCoLC)25259126214aBL2765.G7bS66 1992eb04a2612201 aSommerville, C. Johnq(Charles John),d1938-14aThe secularization of early modern Englandh[electronic resource] :bfrom religious culture to religious faith /cC. John Sommerville. aNew York :bOxford University Press,cc1992. a227 p. aIncludes bibliographical references and index. aElectronic reproduction.bPalo Alto, Calif. :cebrary,d2009.nAvailable via World Wide Web.nAccess may be limited to ebrary affiliated libraries. 0aSecularismzEnglandxHistory. 0aEnglandxReligion. 7aElectronic books.2local2 aebrary, Inc.40uhttp://site.ebrary.com/lib/rucke/Doc?id=10279271zAn electronic book accessible through the World Wide Web; click to view c3834d3834